| 000 | 01053nam a2200301Ia 4500 | ||
|---|---|---|---|
| 001 | Para_5702 | ||
| 003 | CHAP | ||
| 008 | 220125s1983 xx 000 0 und d | ||
| 010 | _a204132 | ||
| 040 | _cCHAP | ||
| 090 | _aPA TESIS 49 | ||
| 100 |
_aBucio Villanueva, Carlos Manuel _9170127 |
||
| 245 |
_aComportamiento de susceptibilidad de diferentes genotipos de chile reportados como resistente al hongo (Phytophthora capsici Leonian / _c por Carlos Manuel Bucio Villalobos |
||
| 260 |
_aChapingo, Méx. : _b el autor |
||
| 300 | _a36 h. | ||
| 502 | _aTesis (Ing. Agr. Esp. Fitotecnia) UG (Gto.) | ||
| 650 |
_aChile (botánica) _x enfermedades por hongos Phytophthora capsici _9170128 |
||
| 650 |
_aChile (botánica) _x variedades resistentes a enfermedades _922394 |
||
| 650 |
_aMarchitez del chile _971282 |
||
| 710 |
_aU de G. (Gto.) _9170129 |
||
| 901 | _aPA TESIS 49 | ||
| 902 | _aA | ||
| 905 | _a0000001983 0000000000 00 | ||
| 910 | _a1983 | ||
| 942 | _cPARA | ||
| 942 |
_cPARA _d1 |
||
| 999 |
_c204132 _d204132 |
||